| 000 | 00880nam a22002177a 4500 | ||
|---|---|---|---|
| 005 | 20241014123808.0 | ||
| 010 | _aHIN-128599 | ||
| 020 |
_c199.00 _a9788119190393 |
||
| 035 | _aHN-100945 | ||
| 037 | _bDBAD | ||
| 082 | _a821 | ||
| 100 |
_aरामकृष्ण _972783 |
||
| 245 |
_aगीतों की छाया में क्षण भर/ _cरामकृष्ण |
||
| 250 | _aप्रथम | ||
| 260 |
_aशाहिबाबाद _bसमदर्शी प्रकाशन _c2023 |
||
| 270 |
_aप्लाट नंबर-152, प्रथम तल ,विक्रम एन्क्लेव _bशाहिबाबाद _e201005 _k9599323508 |
||
| 300 |
_a124पेज. _c22 सेमी (अजिल्द) |
||
| 490 | _aगीत संग्रह | ||
| 700 | _968371 | ||
| 942 |
_2ddc _cHN _h821 _mरामकृष्ण |
||
| 999 |
_c206378 _d206378 |
||